| 000 | 00722nam a22001817a 4500 | ||
|---|---|---|---|
| 003 | BUBTL | ||
| 008 | 190511b xxu||||| |||| 00| 0 eng d | ||
| 020 | _a984-461-73-2 | ||
| 082 | _a954.92 / MAB | ||
| 100 |
_92330 _aমাহমুদউল্লাহ |
||
| 245 |
_aবাংলাদেশের স্বাধীনতা যুদ্ধের ইতিহাস ও দলিলপত্র (দ্বিতীয় খণ্ড) / _cমাহমুদউল্লাহ |
||
| 260 |
_aঢাকা : _bগতিধারা, _cc1999 |
||
| 300 |
_a1104 p. : _c25 cm. |
||
| 650 | 0 |
_91755 _aমুক্তিযুদ্ধ |
|
| 856 |
_k0 _l0 _yDownload |
||
| 942 |
_2ddc _cBK |
||
| 999 |
_c6045 _d6045 |
||